LEADER 02080nam 2200553I 450 001 9910702592903321 005 20141211134107.0 035 $a(CKB)5470000002428246 035 $a(OCoLC)898039908 035 $a(EXLCZ)995470000002428246 100 $a20141211j201309 ua 0 101 0 $aeng 135 $aurcn||||||||| 181 $ctxt$2rdacontent 182 $cc$2rdamedia 183 $acr$2rdacarrier 200 10$aAlternate-fueled combustor-sector performance /$fAnna E. Thomas [and nine others] 210 1$aCleveland, Ohio :$cNational Aeronautics and Space Administration, Glenn Research Center,$dSeptember 2013. 215 $a1 online resource (10 pages) $ccolor illustrations 225 1 $aNASA/TP ;$v2013-217735 300 $aTitle from title screen (viewed Dec. 3, 2014). 300 $a"Prepared for the 14th International Symposium on Transport Phenomena and Dynamics of Rotating Machinery (ISROMAC-14) sponsored by the Fluid Systems Technology (FST) of Technische Universitat Darmstadt Honolulu, HI, February 27-March 2, 2012." 320 $aIncludes bibliographical references (page 10). 606 $aAircraft fuels$2nasat 606 $aCombustion chambers$2nasat 606 $aKerosene$2nasat 606 $aSynthetic fuels$2nasat 606 $aParaffins$2nasat 606 $aAircraft performance$2nasat 606 $aCombustion products$2nasat 606 $aJP-8 jet fuel$2nasat 615 7$aAircraft fuels. 615 7$aCombustion chambers. 615 7$aKerosene. 615 7$aSynthetic fuels. 615 7$aParaffins. 615 7$aAircraft performance. 615 7$aCombustion products. 615 7$aJP-8 jet fuel. 700 $aThomas$b Anna E.$01410697 712 02$aNASA Glenn Research Center, 712 02$aUnited States.$bNational Aeronautics and Space Administration, 712 02$aFundamental Aeronautics Program (U.S.), 801 0$bGPO 801 1$bGPO 906 $aBOOK 912 $a9910702592903321 996 $aAlternate-fueled combustor-sector performance$93499930 997 $aUNINA LEADER 03155nam 2200757 a 450 001 9910961493903321 005 20251116150655.0 010 $a0-19-773691-2 010 $a0-19-802600-5 010 $a1-280-45161-0 010 $a0-19-535673-X 010 $a1-4237-3573-0 024 7 $a10.1093/oso/9780195099478.001.0001 035 $a(CKB)1000000000028787 035 $a(EBL)241413 035 $a(OCoLC)475956615 035 $a(SSID)ssj0000252449 035 $a(PQKBManifestationID)11219490 035 $a(PQKBTitleCode)TC0000252449 035 $a(PQKBWorkID)10180785 035 $a(PQKB)10166261 035 $a(Au-PeEL)EBL241413 035 $a(CaPaEBR)ebr10085421 035 $a(CaONFJC)MIL45161 035 $a(MiAaPQ)EBC241413 035 $a(OCoLC)1406788824 035 $a(StDuBDS)9780197736913 035 $a(OCoLC)1083060670 035 $a(FINmELB)ELB165448 035 $a(EXLCZ)991000000000028787 100 $a19941207e20231996 uy 0 101 0 $aeng 135 $aur|n|---||||| 181 $ctxt 182 $cc 183 $acr 200 10$aStretching the imagination $erepresentation and transformation in mental imagery /$fCesare Cornoldi [and others] 205 $a1st ed. 210 1$aNew York :$cOxford University Press,$d2023. 215 $a1 online resource (206 p.) 225 1 $aCounterpoints 225 1 $aOxford scholarship online 300 $aPreviously issued in print: 1996. 311 08$a0-19-509947-8 311 08$a0-19-509948-6 320 $aIncludes bibliographical references and index. 327 $aContents; 1. Counterpoints in Perception and Mental Imagery: Introduction; 2. When Imagery Fails: Effects of Verbal Receding on Accessibility of Visual Memories; 3. The Many Faces of Mental Images; 4. The Nonambiguity of Mental Images; 5. Ducks, Rabbits, and Hedgehogs: Resolution, Impasse, or Fostered Debate?; Index; A; B; C; D; E; F; G; H; I; L; M; N; O; P; R; S; T; U; V; W 330 $aThis is the first volume in the Counterpoints Series, which explores the issues being debated in psychology, child development, linguistics, and neuroscience. Each volume consists of the presentation of three or four extensive chapters by researchers representing key points of view on the issue. This text examines one of the liveliest areas of debate in psychology today, the relationship between perception and mental imagery. A variety of recent studies have pointed to the existence of a strong relationship between memory and mental representation, while others have shown that images are open 410 0$aCounterpoints (Oxford University Press) 410 0$aOxford scholarship online. 606 $aMental representation 606 $aPerception 606 $aImagery (Psychology) 615 0$aMental representation. 615 0$aPerception. 615 0$aImagery (Psychology) 676 $a153.3/2 700 $aCornoldi$b Cesare$0437867 801 0$bDLC 801 1$bDLC 801 2$bDLC 801 2$bStDuBDSZ 906 $aBOOK 912 $a9910961493903321 996 $aStretching the imagination$94524163 997 $aUNINA